Sports Quiz

Random Sports or NCAA Quiz

Real College Mascots Quiz Stats

Quiz Updated Mar 10, 2015

Also try: NFL: Literally
Challenge
Share
Tweet
Score 0/16 Timer 04:00
1 Play Today
Picture College % Correct
4University of Oregon Ducks
96.7%
10University of Florida Gators
94.8%
6University of Texas Longhorns
89.6%
7University of Colorado Buffaloes
88.5%
8University of Wisconsin Badgers
83.6%
5Georgia Institute of Technology Yellow Jackets
83.5%
2University of Arkansas Razorbacks
80.9%
14Oregon State University Beavers
78.5%
Picture College % Correct
9Colorado State University Rams
75%
13East Carolina University Pirates
72.3%
3United States Military Academy Black Knights
69.3%
1The Ohio State University Buckeyes
67.8%
11University of Texas at El Paso Miners
64.1%
12University of Toledo Rockets
64%
15Texas Christian University Horned Frogs
63.4%
16University of Alabama Crimson Tide
58.2%

You're not logged in!

Compare scores with friends on all Sporcle quizzes.
Sign Up with Email
OR
Log In

You Might Also Like...

Show Comments

Extras

Top Quizzes Today


Score Distribution

Your Account Isn't Verified!

In order to create a playlist on Sporcle, you need to verify the email address you used during registration. Go to your Sporcle Settings to finish the process.